Animal defenses : (Record no. 417)

MARC details
000 -LEADER
fixed length control field 00802nam a2200265 i 4500
005 - DATE AND TIME OF LATEST TRANSACTION
control field 20260322212019.0
008 - FIXED-LENGTH DATA ELEMENTS--GENERAL INFORMATION
fixed length control field data
010 ## - LIBRARY OF CONGRESS CONTROL NUMBER
LC control number 78061808
020 ## - INTERNATIONAL STANDARD BOOK NUMBER
International Standard Book Number 0913948233
020 ## - INTERNATIONAL STANDARD BOOK NUMBER
International Standard Book Number 9780913948231
040 ## - CATALOGING SOURCE
Original cataloging agency DLC
Transcribing agency DLC
Modifying agency DLC
050 00 - LIBRARY OF CONGRESS CALL NUMBER
Classification number QL759
Item number .T36
082 00 - DEWEY DECIMAL CLASSIFICATION NUMBER
Classification number 591.5/7
092 ## - LOCALLY ASSIGNED DEWEY CALL NUMBER (OCLC)
Classification number 591.5 T36 1978
001 - CONTROL NUMBER
control field data
100 1# - MAIN ENTRY--PERSONAL NAME
Personal name Tanner, Ogden.
245 10 - TITLE STATEMENT
Title Animal defenses :
Remainder of title based on the television series Wild, wild world of animals /
Statement of responsibility, etc. Ogden Tanner.
260 ## - PUBLICATION, DISTRIBUTION, ETC.
Place of publication, distribution, etc. [New York] :
Name of publisher, distributor, etc. Time-Life Films,
Date of publication, distribution, etc. c1978.
300 ## - PHYSICAL DESCRIPTION
Extent 128 p. :
Other physical details ill. ;
Dimensions 28 cm.
440 #0 - SERIES STATEMENT/ADDED ENTRY--TITLE
Title Wild, wild world of animals
500 ## - GENERAL NOTE
General note A Time-Life Television book; consultants, Colin Beer, Eric Quinter, Richard G. Zweifel.
500 ## - GENERAL NOTE
General note Includes index.
504 ## - BIBLIOGRAPHY, ETC. NOTE
Bibliography, etc. note Bibliography: p. 126.
650 #0 - SUBJECT ADDED ENTRY--TOPICAL TERM
Topical term or geographic name entry element Animal defenses.
Holdings
Withdrawn status Lost status Damaged status Not for loan Home library Current library Shelving location Date acquired Total checkouts Full call number Barcode Date last seen Price effective from Koha item type
        Fairview Fairview General stacks 22/03/2026   591.5/7 BC0010427 22/03/2026 22/03/2026 Books